| 000 | 00795nam1a22002051i 4500 | ||
|---|---|---|---|
| 001 | rc\240252 | ||
| 005 | 20240726091212.0 | ||
| 035 | _a(NLR Aleph) 008751119 | ||
| 090 |
_a7807931 _c7807931 |
||
| 100 | _a20030307d1990 u |0rusy50 ca | ||
| 101 | 0 | _arus | |
| 102 | _aRU | ||
| 105 | _ay ||||||||| | ||
| 200 | 1 |
_aГОСУДАРСТВЕННЫЙ водный кадастр _eРазд. I _eПоверхност. воды _eСер. 2 _eЕжегод. данные _eЕжегод. данные о качестве поверхност. вод суши, 1989 г. _fГос. ком. СССР по гидрометеорологии... |
|
| 210 |
_aНовосибирск _cЗапСибРВЦ _d1990 |
||
| 215 | _d30 | ||
| 801 | 0 |
_aRU _bNLR _gpsbo |
|
| 801 | 1 |
_aRU _bELAR _2rusmarc |
|
| 852 |
_aNLR _j90-10/8 |
||
| 942 | _cBOOK | ||